MaSC launch (Record no. 70253)

MARC details
000 -LEADER
fixed length control field 00979cam a2200217 4500
008 - FIXED-LENGTH DATA ELEMENTS--GENERAL INFORMATION
fixed length control field 020515n2002 000 0 eng u
035 ## - SYSTEM CONTROL NUMBER
System control number (Sirsi) u117964
245 ## - TITLE STATEMENT
Title MaSC launch
260 ## - PUBLICATION, DISTRIBUTION, ETC.
Date of publication, distribution, etc. 2002
490 ## - SERIES STATEMENT
Series statement RICS News Service
Volume/sequential designation 9 May 2002, (1)
520 ## - SUMMARY, ETC.
Summary, etc. New management process, Managing Sustainable Construction (MaSCh) is developed under the DTI Partners in Innovation programme. This will help construction companies improve their performance moving to more sustainable construction. Further information is available including a booklet from Ruth Woodall t +44 (0) 1923 664873, e [email protected] For press release: http://www.rics.org/ricscms/bin/show?class=News&template=/includes/shownews.html&id=2477
590 ## - LOCAL NOTE (RLIN)
Local note WB
650 ## - SUBJECT ADDED ENTRY--TOPICAL TERM
Topical term or geographic name entry element MASC
650 ## - SUBJECT ADDED ENTRY--TOPICAL TERM
Topical term or geographic name entry element SUSTAINABLE CONSTRUCTION
650 ## - SUBJECT ADDED ENTRY--TOPICAL TERM
Topical term or geographic name entry element DTI
650 ## - SUBJECT ADDED ENTRY--TOPICAL TERM
Topical term or geographic name entry element PARTNERS IN INNOVATION
650 ## - SUBJECT ADDED ENTRY--TOPICAL TERM
Topical term or geographic name entry element Sustainability
9 (RLIN) 6271
650 ## - SUBJECT ADDED ENTRY--TOPICAL TERM
Topical term or geographic name entry element CONSTRUCTION SECTOR
690 ## - LOCAL SUBJECT ADDED ENTRY--TOPICAL TERM (OCLC, RLIN)
Topical term or geographic name as entry element DEVELOPMENT-SUSTAINABLE
942 ## - ADDED ENTRY ELEMENTS (KOHA)
Suppress in OPAC 0
Holdings
Withdrawn status Lost status Source of classification or shelving scheme Damaged status Not for loan Home library Current library Shelving location Date acquired Total Checkouts Barcode Date last seen Copy number Price effective from Koha item type
    Dewey Decimal Classification     London London News article 15/05/2002   117964-1001 06/08/2019 1 06/08/2019 News article